000 00480nam a2200181Ia 4500
003 GCL
008 140319s9999 xx 000 0 eng d
040 _aGCL /
_cGCL
082 0 4 _a015.62
_bK E
100 1 _aKUENTZ, CHARLES
245 1 0 _aEXPOSITION DU LIVRE FRANCAIS EN EGYPT /
_cKUENTZ, CHARLES
700 1 _aARCACHE, JEANNE KEUNTZ
260 _a[S.N] :
_bIFAO ،
_c1946
300 _a204 P
650 0 4 _aBIBLIOGRAPHIES
650 0 4 _aBIBLIOGRAPHY - EGYPT
942 _2ddc
_cBK
999 _c10810
_d10810